Name the medical condition from the description. - Statistics

General Stats
  • This quiz has been taken 2,568 times
  • The average score is 6 of 15
Answer Stats
Hint Answer % Correct
A respiratory condition marked by attacks of spasm in the bronchi of the lungs. Asthma
78%
There is difficulty in emptying the bowels. Constipation
70%
A disorder characterized by compulsive overeating followed by vomiting. Bulimia nervosa
62%
Defective metabolism of uric acid causes arthritis. Gout
51%
Increased numbers of immature or abnormal leucocytes are formed. Leukemia
50%
The ability of the blood to clot is severely reduced. Hemophilia
47%
In the past it was called consumption, because it seemed to consume the body as it wasted away. Tuberculosis
42%
A hereditary disorder affecting the exocrine glands. It causes the production of abnormally thick mucus. Cystic fibrosis
41%
A chronic degenerative disease in which normal liver cells are damaged and are then replaced by scar tissue. Cirrhosis
38%
The formation of pouches within the bowel wall. Diverticulitis
32%
An abnormal collection of air or gas in the pleural space. Pneumothorax
31%
An abnormal buildup of cerebrospinal fluid. Hydrocephalus
18%
An autoimmune neuromuscular d isorder that is characterized by fatigue and exhaustion of muscles. Myasthenia gravis
10%
A genetic disorder that affects the body’s connective tissue. Marfan syndrome
8%
Disease that often causes internal and external bleeding as the disease progresses. Hemorrhagic fever
1%
No matching quizzes found
Score Distribution
Percent of People with Each Score
Percentile by Number Answered
Your Score History
You have not taken this quiz